Antígona. (Registro nro. 3001)
[ vista simple ]
| 000 -LEADER | |
|---|---|
| fixed length control field | 01358namaa2200229 a 4500 |
| 008 - CAMPO DE CONTROL (LIBRO) | |
| fixed length control field | 190531s2010 AG ||||gr|||| 001 h spa d |
| 020 ## - INTERNATIONAL STANDARD BOOK NUMBER | |
| ISBN | 9789507530074 |
| 040 ## - ORIGEN DE LA CATALOGACION | |
| Agencia que catalogó originalmente la obra | español |
| 041 ## - CODIGO DE IDIOMA | |
| Código de idioma del texto/pista de sonido o título separado | spa |
| 092 ## - SIGNATURA TOPOGRAFICA DEWEY LOCAL | |
| Edition number | 812 |
| número de clasificación | 80 |
| libristica | SOF |
| 100 1# - ENTRADA PRINCIPAL--NOMBRE PERSONAL | |
| Nombre personal | Sófocles |
| 9 (RLIN) | 4043 |
| 245 ## - TITULO PROPIAMENTE DICHO | |
| Título | Antígona. |
| Subtítulo y Título paralelo | Edipo Rey / |
| Mención de responsabilidad y remanente de la transcripción de la portada | Sófocles |
| 250 ## - MENCION DE EDICION | |
| Mención de edición | 1a ed. 1a reimp. |
| 260 ## - PIE DE IMPRENTA | |
| Lugar de publicación, distribución, etc | Boulogne: |
| Nombre de la editorial, distribuidor, etc | Cántaro; |
| Fecha de publicación | 2010. |
| 300 ## - DESCRIPCION FISICA | |
| Extension | 160 p. |
| Otros detalles físicos | 19x14cm. |
| 500 ## - NOTA GENERAL | |
| Nota general | Sofocles. (2010). Antígona. Edipo Rey. (1a ed.). Buenos Aires : Cántaro. |
| 505 ## - NOTA DE CONTENIDO | |
| Nota de contenido formateada | Sófocles ha sabido construir la historia de la grandeza y de la miseria de personajes plenamente humano, por eso, releer a este autor clásico, en nuestros días, es encontrarse con los grandes problemas que han preocupado a los hombres desde siempre y que, paradójicamente, las sociedades más desarrolladas no han podido todavía, resolver. La confrontación de la justicia humana con la divina y los excesos del poder, en Antígona, o la soberbia y el enfrentamiento del ser con su destino, en Edipo Rey, son temas que viven en páginas de incomparable tensión dramática y que convoca al lector, joven y adulto por igual, a una lectura reflexiva y fecunda. |
| 590 ## - NOTAS LOCALES (RLIN) | |
| Nota local | Proyecto 4to libro. Donación Julia Cabanne, mayo 2019. |
| 655 ## - MATERIA - GENERO/FORMA | |
| Género/Forma | Literatura |
| -- | 2917 |
| 700 1# - ENTRADAS SECUNDARIAS - NOMBRE PERSONAL | |
| Nombre personal | Boggero de Paz, Mónica |
| Título del trabajo | Comp. |
| 9 (RLIN) | 4044 |
| 942 ## - ADDED ENTRY ELEMENTS (KOHA) | |
| Source of classification or shelving scheme | Dewey Decimal Classification |
| Item type | LITERATURA |
| Estado de retiro | Existencia | Fuente de clasificación | Estado general | No para prestamo | Ubicación permanente | ubicación actual | Sala de ubicación | Fecha de adquisición | Fuente de adquisición | Total Checkouts | Número de clasificación | Código de barras | Date last seen | Número de ejemplar | Price effective from | Koha tipo de elemento (item) | Public note |
|---|---|---|---|---|---|---|---|---|---|---|---|---|---|---|---|---|---|
| Dewey Decimal Classification | Biblioteca Medicina | Biblioteca Medicina | Circulación | 31/05/2019 | Donación Cabanne, Julia. Mayo 2019 | 812 80 SOF | 4433 | 31/05/2019 | Ej. 1 | 31/05/2019 | LITERATURA | Proyecto 4to libro. Donación Cabanne, Julia. Mayo 2019 |